000 00280nam a2200109Ia 4500
008 220204s9999 xx 000 0 und d
082 _a691.328
_bNEV.2
100 _aA
245 0 _aFibre reinforced cement and concrete. V 2
260 _aLancaster
_bConstruction
_c1976
942 _cBK
999 _c27285
_d27285